[Event "chess.com SpeedChess Q1KO"]
[Site "chess.com INT"]
[Date "2022.11.11"]
[Round "1.1"]
[White "Dubov, Daniil"]
[Black "Mamedov, Rauf"]
[Result "1/2-1/2"]
[WhiteTitle "GM"]
[BlackTitle "GM"]
[WhiteElo "2708"]
[BlackElo "2646"]
[WhiteFideId "24126055"]
[BlackFideId "13401653"]
[EventDate "2022.11.11"]

1. d4 Nf6 2. Nf3 g6 3. Bg5 Bg7 4. e3 d6 5. Be2 h6 6. Bh4 O-O 7. c4 Bf5 8. Nc3
Ne4 9. Nxe4 Bxe4 10. O-O c5 11. dxc5 g5 12. Bg3 dxc5 13. h4 gxh4 14. Nxh4 Nc6
15. Bf3 Bd3 16. Re1 Bxc4 17. Nf5 Qxd1 18. Rexd1 Rfd8 19. Nxg7 Kxg7 20. Rdc1 Bd5
21. Rxc5 Bxf3 22. gxf3 a5 23. Kg2 a4 24. Rh1 Ra5 25. Rxa5 Nxa5 26. Rh4 b5 27.
Bc7 Ra8 28. Rh5 Ra7 29. Bb6 Ra6 30. Rxb5 Nc4 31. Bd4+ f6 32. Rb7 Kf7 33. Bc5 Re6
34. Rb4 Ne5 35. Rxa4 Rc6 36. b4 Nd3 37. Ra5 Ne1+ 38. Kf1 Nxf3 39. Ra7 Kg6 40. a4
Nd2+ 41. Ke2 Ne4 42. Bd4 e5 43. b5 Rc1 44. Bb2 Rb1 45. Ba3 h5 46. Ra8 h4 47.
Rg8+ Kf7 48. Rh8 Rb3 49. Bc1 Nc3+ 50. Kf3 Nxa4 51. Rh7+ Ke6 52. Rxh4 Nc3 53. Rh8
Nxb5 54. Rc8 Kf5 55. Rc5 Nd4+ 56. Kg2 Ne6 57. Rc4 Ng5 58. Bd2 Rb2 59. Be1 e4 60.
Rc5+ Kg4 61. Rc8 Nf3 62. Rg8+ Kf5 63. Bc3 Rb1 64. Rf8 Rg1+ 65. Kh3 Ng5+ 66. Kh2
Nf3+ 67. Kh3 Rg6 68. Bb2 Ng5+ 69. Kh4 Nf3+ 70. Kh3 Rh6+ 71. Kg3 Rg6+ 72. Kh3 1/2-1/2

[Event "chess.com SpeedChess Q1KO"]
[Site "chess.com INT"]
[Date "2022.11.11"]
[Round "1.1"]
[White "Le, Tuan Minh"]
[Black "Chigaev, Maksim"]
[Result "1/2-1/2"]
[WhiteTitle "IM"]
[BlackTitle "GM"]
[WhiteElo "2542"]
[BlackElo "2632"]
[WhiteFideId "12401153"]
[BlackFideId "4108116"]
[EventDate "2022.11.11"]

1. d4 Nf6 2. c4 g6 3. Nc3 d5 4. cxd5 Nxd5 5. e4 Nxc3 6. bxc3 Bg7 7. Nf3 c5 8.
Bb5+ Nc6 9. O-O O-O 10. Bxc6 bxc6 11. Qc2 Qa5 12. Be3 Ba6 13. Rfd1 Rac8 14. Rac1
Bb5 15. Rd2 Ba4 16. Qb2 cxd4 17. cxd4 c5 18. h3 cxd4 19. Rxc8 Rxc8 20. Bxd4 Bh6
21. Rd3 Qb5 22. Rc3 Rxc3 23. Qxc3 Qb1+ 24. Kh2 Qxe4 25. Qc8+ Bf8 26. Be3 Qc6 27.
Qxc6 Bxc6 28. Bxa7 f6 29. Nd4 Bd7 30. Nb3 e5 31. Nc5 Bxc5 32. Bxc5 1/2-1/2

[Event "chess.com SpeedChess Q1KO"]
[Site "chess.com INT"]
[Date "2022.11.11"]
[Round "1.1"]
[White "Martinez Alcantara, Jose Eduardo"]
[Black "Paravyan, David"]
[Result "0-1"]
[WhiteTitle "GM"]
[BlackTitle "GM"]
[WhiteElo "2597"]
[BlackElo "2586"]
[WhiteFideId "3805662"]
[BlackFideId "4194985"]
[EventDate "2022.11.11"]

1. e4 e5 2. Nf3 Nf6 3. Nxe5 d6 4. Nf3 Nxe4 5. Nc3 Nxc3 6. dxc3 Be7 7. Be3 O-O 8.
Qd2 Bg4 9. O-O-O Nd7 10. h3 Bxf3 11. gxf3 c6 12. Rg1 Re8 13. Kb1 d5 14. c4 Nb6
15. cxd5 Qxd5 16. Bd3 Bf6 17. Qb4 Qxf3 18. Qb3 Nd5 19. Bd4 Kh8 20. Bxf6 Qxf6 21.
Bc4 Rad8 22. a3 g6 23. Ka1 Kg7 24. Rg3 Nc3 25. Rc1 Ne2 26. Bxe2 Rxe2 27. Qxb7
Qxf2 28. Rc3 Rd6 29. Qb4 Qf6 30. Rc4 Rf2 31. Qc5 a6 32. Kb1 Re6 33. Rc3 Rf1 34.
Rxf1 Qxf1+ 35. Ka2 Qf6 36. a4 h5 37. Ka3 Qf4 38. Rc4 Qe3+ 39. Kb4 a5+ 0-1

[Event "chess.com SpeedChess Q1KO"]
[Site "chess.com INT"]
[Date "2022.11.11"]
[Round "1.1"]
[White "Sarana, Alexey"]
[Black "Lazavik, Denis"]
[Result "1/2-1/2"]
[WhiteTitle "GM"]
[BlackTitle "IM"]
[WhiteElo "2668"]
[BlackElo "2529"]
[WhiteFideId "24133795"]
[BlackFideId "13515110"]
[EventDate "2022.11.11"]

1. c4 Nf6 2. Nc3 e5 3. Nf3 Nc6 4. g3 d5 5. cxd5 Nxd5 6. Bg2 Bc5 7. O-O O-O 8.
Qc2 Nd4 9. Nxd4 Nb4 10. Qb1 exd4 11. Ne4 Bb6 12. a3 Nd5 13. b4 Re8 14. Bb2 Bf5
15. d3 c6 16. Qc2 a5 17. Qc4 Nc7 18. Rfe1 Be6 19. Qc1 Bd5 20. Qf4 axb4 21. axb4
Rxa1 22. Rxa1 Nb5 23. Bf3 Qe7 24. Ra4 Bc7 25. Qd2 h6 26. Nc5 Bxf3 27. exf3 Bd6
28. Nb3 Qe1+ 29. Kg2 Qxd2 30. Nxd2 Re2 31. Nc4 Be7 32. Ra8+ Kh7 33. Re8 Nc7 34.
Rc8 Ne6 35. Ba3 Rc2 36. Ne5 Bf6 37. Nxf7 Rc3 38. Bb2 Rxd3 39. h4 h5 40. Rb8 Rb3
41. Bc1 Rxb4 42. Nd6 d3 43. f4 Rb1 44. Be3 Bd4 45. f5 Bxe3 46. Nf7 g6 47. fxe6
d2 48. Rd8 Kg7 49. e7 Bb6 50. e8=Q Bxd8 51. Nxd8 d1=Q 52. Qe7+ Kg8 53. Qf7+ Kh8
54. Qf6+ Kh7 55. Qe7+ Kg8 56. Qe8+ Kg7 57. Qf7+ Kh8 58. Qf8+ Kh7 59. Qe7+ Kg8 1/2-1/2

[Event "chess.com SpeedChess Q1KO"]
[Site "chess.com INT"]
[Date "2022.11.11"]
[Round "1.2"]
[White "Chigaev, Maksim"]
[Black "Le, Tuan Minh"]
[Result "1/2-1/2"]
[WhiteTitle "GM"]
[BlackTitle "IM"]
[WhiteElo "2632"]
[BlackElo "2542"]
[WhiteFideId "4108116"]
[BlackFideId "12401153"]
[EventDate "2022.11.11"]

1. Nf3 Nf6 2. c4 c6 3. g3 b5 4. d3 d5 5. Nbd2 e6 6. Bg2 Bb7 7. O-O Be7 8. Qc2
O-O 9. e4 bxc4 10. dxc4 a5 11. b3 Na6 12. Bb2 h6 13. Rad1 Qb6 14. exd5 cxd5 15.
Ne5 a4 16. bxa4 Rfc8 17. Qb3 Qa7 18. cxd5 Nc5 19. Qe3 Bxd5 20. Bxd5 Nxd5 21. Qf3
Bf6 22. Ndc4 Nxa4 23. Bd4 Qa6 24. Rc1 Rxc4 25. Rxc4 Bxe5 26. Rxa4 Qxa4 27. Bxe5
Qxa2 28. Qg4 g6 29. Ra1 Qxa1+ 30. Bxa1 Rxa1+ 31. Kg2 Ra2 32. Kg1 h5 33. Qc4 Rb2
34. h3 Rb4 35. Qc8+ Kg7 36. Qc2 h4 37. g4 g5 38. Qd2 Rf4 39. Qb2+ Rf6 40. Qe5
Kh6 41. f4 Rxf4 42. Qh8+ Kg6 43. Qh5+ Kf6 44. Qh6+ Ke5 45. Qxg5+ Ke4 46. Qxh4
Ne3 47. Kh2 e5 48. Qe1 f6 49. Qh1+ Rf3 50. Qb1+ Kf4 51. Qb4+ Kg5 52. Qe4 Rf2+
53. Kg1 Rf1+ 54. Kh2 Rf2+ 55. Kg1 Re2 56. Qf3 Re1+ 57. Kh2 Nf1+ 58. Kg2 Ne3+ 59.
Kh2 Nf1+ 60. Kg2 Ne3+ 61. Kh2 1/2-1/2

[Event "chess.com SpeedChess Q1KO"]
[Site "chess.com INT"]
[Date "2022.11.11"]
[Round "1.2"]
[White "Lazavik, Denis"]
[Black "Sarana, Alexey"]
[Result "1-0"]
[WhiteTitle "IM"]
[BlackTitle "GM"]
[WhiteElo "2529"]
[BlackElo "2668"]
[WhiteFideId "13515110"]
[BlackFideId "24133795"]
[EventDate "2022.11.11"]

1. d4 Nf6 2. c4 e6 3. Nf3 d5 4. Nc3 c5 5. cxd5 Nxd5 6. e4 Nxc3 7. bxc3 cxd4 8.
cxd4 Bb4+ 9. Bd2 Bxd2+ 10. Qxd2 O-O 11. Rd1 b6 12. Bd3 Ba6 13. Bxa6 Nxa6 14. O-O
Qd6 15. h4 Rac8 16. Qe2 Nb4 17. Rd2 Rc3 18. Rfd1 h6 19. g3 Rfc8 20. Kg2 a5 21.
h5 a4 22. d5 exd5 23. exd5 a3 24. Nh4 Rd8 25. Nf5 Qf6 26. Qe4 Na6 27. d6 Nc5 28.
Qe7 Nd7 29. Rd3 Rc5 30. Nd4 Ne5 31. Qxf6 gxf6 32. R3d2 Rxd6 33. Nf5 Rxd2 34.
Rxd2 Nc4 35. Rd8+ Kh7 36. g4 Ne5 37. Ne3 b5 38. Rb8 Nc4 39. Nf5 Ne5 40. Ne3 Nd3
41. Rb7 b4 42. Rxf7+ Kg8 43. Rb7 Kf8 44. Nf5 Rc2 45. Nxh6 Rxa2 46. Rb8+ Ke7 47.
Nf5+ Kd7 48. h6 Rb2 49. h7 Nf4+ 50. Kf3 Ng6 51. Rb7+ Kc6 52. Ra7 Rb3+ 53. Ke4
Rh3 54. Nd4+ Kb6 55. Ra4 Kc5 56. Ne6+ Kb5 57. Ra8 Kc4 58. Nd4 Kc3 59. Rc8+ Kb2
60. Rb8 Kc3 61. Rc8+ Kb2 62. Rb8 b3 63. Kf5 Nh8 64. Rxh8 a2 65. Nxb3 Kxb3 66.
Rb8+ Kc2 67. Ra8 Kb1 68. Kg6 a1=Q 69. Rxa1+ Kxa1 70. f4 Kb2 71. g5 fxg5 72. fxg5
Kc3 73. Kg7 Kd4 74. h8=Q Rxh8 75. Kxh8 Kc4 76. g6 1-0

[Event "chess.com SpeedChess Q1KO"]
[Site "chess.com INT"]
[Date "2022.11.11"]
[Round "1.2"]
[White "Mamedov, Rauf"]
[Black "Dubov, Daniil"]
[Result "1/2-1/2"]
[WhiteTitle "GM"]
[BlackTitle "GM"]
[WhiteElo "2646"]
[BlackElo "2708"]
[WhiteFideId "13401653"]
[BlackFideId "24126055"]
[EventDate "2022.11.11"]

1. Nf3 d5 2. g3 g6 3. Bg2 Bg7 4. O-O Nf6 5. d3 O-O 6. Nbd2 b6 7. e4 dxe4 8. dxe4
Nfd7 9. e5 Nc5 10. Nb3 Qxd1 11. Rxd1 Bb7 12. Nxc5 bxc5 13. Bf4 e6 14. c3 a5 15.
h4 a4 16. Rd2 Nc6 17. Rd7 Rac8 18. Rad1 Nb8 19. R7d2 Bd5 20. Rxd5 exd5 21. Rxd5
Rfd8 22. Rxc5 Nd7 23. Rc6 Rb8 24. b4 axb3 25. axb3 Rxb3 26. Rxc7 Nb6 27. Ng5 Rd7
28. Rc6 h6 29. e6 Rd1+ 30. Kh2 fxe6 31. Nxe6 Bxc3 32. Be3 Nd5 33. Bxh6 Bf6 34.
Rc8+ Kf7 35. Nf4 Nxf4 36. Bxf4 Rb2 37. Be3 Bd4 38. Rd8 Bxe3 39. Rxd1 Bxf2 40.
Rd3 Kg7 41. Kh3 Re2 42. Rf3 Bd4 43. Rf4 Be5 44. Rg4 Kf6 45. Be4 Re3 46. Rxg6+
Ke7 47. Bd5 Rxg3+ 48. Rxg3 Bxg3 49. Kxg3 Kf6 1/2-1/2

[Event "chess.com SpeedChess Q1KO"]
[Site "chess.com INT"]
[Date "2022.11.11"]
[Round "1.2"]
[White "Paravyan, David"]
[Black "Martinez Alcantara, Jose Eduardo"]
[Result "0-1"]
[WhiteTitle "GM"]
[BlackTitle "GM"]
[WhiteElo "2586"]
[BlackElo "2597"]
[WhiteFideId "4194985"]
[BlackFideId "3805662"]
[EventDate "2022.11.11"]

1. e4 e5 2. Nf3 Nc6 3. Nc3 Nf6 4. d4 exd4 5. Nxd4 Bb4 6. Nxc6 bxc6 7. Bd3 O-O 8.
O-O Re8 9. Re1 d6 10. h3 h6 11. Bd2 Rb8 12. Rb1 Nd7 13. a3 Ba5 14. b4 Bb6 15.
Na4 Bd4 16. c3 Bf6 17. Bf1 Nb6 18. Nxb6 axb6 19. a4 Ra8 20. c4 c5 21. bxc5 dxc5
22. Bf4 Bd4 23. Qb3 Bb7 24. Qg3 Bxe4 25. Rbd1 Qf6 26. Bxc7 Bc2 27. Rc1 Bxa4 28.
Rxe8+ Rxe8 29. Rb1 Re6 30. Bd3 Bd7 31. Bxb6 Be5 32. Qf3 Qxf3 33. gxf3 Bd4 34.
Bc7 g6 35. h4 Bc6 36. Kg2 Rf6 37. Be2 Re6 38. Bd3 Rf6 39. Be2 h5 40. Bg3 Re6 41.
Bd3 f5 42. Bf4 Kf7 43. Kg3 Bf6 44. Rb6 Bd4 45. Ra6 Bd7 46. Ra7 Ke8 47. Ra8+ Kf7
48. Ra7 Ke8 49. Bg5 Rc6 50. Bc2 Rc8 51. Be3 Be5+ 52. f4 Bd6 53. Bd1 Rb8 54. Ba4
Bxa4 55. Rxa4 Rb7 56. Kf3 Kd7 57. Ra8 Be7 58. Rg8 Rb6 59. Rg7 Rc6 60. Bd2 Ke8
61. Kg3 Kf8 62. Rh7 Bf6 63. Be3 Bg7 64. Kf3 Kg8 65. Rxg7+ Kxg7 66. Ke2 Kf7 67.
Kd3 Ke6 68. Kc3 Kd6 69. Bc1 Ra6 70. Kb3 Rb6+ 71. Kc2 Rb4 72. Kc3 Rb1 73. Kc2 Rb4
74. Kc3 Kc6 75. Be3 Rb1 0-1

[Event "chess.com SpeedChess Q1KO"]
[Site "chess.com INT"]
[Date "2022.11.11"]
[Round "1.3"]
[White "Dubov, Daniil"]
[Black "Mamedov, Rauf"]
[Result "1/2-1/2"]
[WhiteTitle "GM"]
[BlackTitle "GM"]
[WhiteElo "2708"]
[BlackElo "2646"]
[WhiteFideId "24126055"]
[BlackFideId "13401653"]
[EventDate "2022.11.11"]

1. d4 Nf6 2. Nf3 g6 3. c4 Bg7 4. Nc3 d6 5. Bg5 Bf5 6. e3 Ne4 7. Nxe4 Bxe4 8. Bd3
Bxd3 9. Qxd3 O-O 10. O-O h6 11. Bh4 b6 12. Rad1 Nd7 13. Qc2 c5 14. Rfe1 Rc8 15.
d5 a6 16. e4 b5 17. b3 Re8 18. Bg3 bxc4 19. bxc4 Qc7 20. h4 Rb8 21. h5 g5 22. e5
Nxe5 23. Nxe5 dxe5 24. Qf5 e6 25. Bxe5 Bxe5 26. Qxe5 Qxe5 27. Rxe5 Red8 28. Rc1
exd5 29. Rxd5 Rxd5 30. cxd5 Rc8 31. d6 Kg7 32. g3 Rd8 33. Rxc5 Rxd6 34. Ra5 g4
35. Kg2 Kf6 36. Rc5 Ke6 37. a4 Rd5 38. Rc6+ Rd6 39. Rc4 f5 40. Rc7 Kf6 41. a5
Kg5 42. Ra7 Kxh5 43. Kh2 Kg6 44. Rb7 h5 45. Rb6 Rf6 46. Kg2 Kg5 47. f4+ Kg6 48.
Kf2 Kf7 49. Ke3 Ke7 50. Rb7+ Kd6 51. Kd4 Re6 52. Rb6+ Kd7 53. Rb7+ Kd6 54. Rh7
Re4+ 55. Kd3 h4 56. Rxh4 Ra4 57. Rh6+ Kd5 58. Rf6 Ra3+ 59. Ke2 Ke4 60. Re6+ Kd4
61. Re5 Rxg3 62. Rxf5 Ra3 63. Rg5 g3 64. f5 Ke5 65. Rg6 Kxf5 66. Rxa6 Kf4 67.
Ra8 Kg4 68. Kf1 Ra1+ 69. Kg2 Ra2+ 70. Kg1 Ra1+ 71. Kg2 Ra2+ 72. Kg1 Ra1+ 73. Kg2 1/2-1/2

[Event "chess.com SpeedChess Q1KO"]
[Site "chess.com INT"]
[Date "2022.11.11"]
[Round "1.3"]
[White "Le, Tuan Minh"]
[Black "Chigaev, Maksim"]
[Result "1/2-1/2"]
[WhiteTitle "IM"]
[BlackTitle "GM"]
[WhiteElo "2542"]
[BlackElo "2632"]
[WhiteFideId "12401153"]
[BlackFideId "4108116"]
[EventDate "2022.11.11"]

1. Nf3 Nf6 2. d4 g6 3. Bg5 Bg7 4. Nbd2 O-O 5. c3 d6 6. e4 Nc6 7. Bc4 h6 8. Bh4
e5 9. dxe5 Nxe5 10. Nxe5 dxe5 11. O-O Qe7 12. Qc2 c6 13. a4 a5 14. Rfe1 Be6 15.
Qb3 Bxc4 16. Nxc4 Qe6 17. Rad1 b5 18. axb5 a4 19. Qb4 c5 20. Qxc5 Rac8 21. Qb6
g5 22. Qxe6 fxe6 23. Nd6 gxh4 24. Nxc8 Rxc8 25. Rd6 Kf7 26. Ra6 Rb8 27. c4 Bf8
28. Rxa4 Bc5 29. b4 Bd4 30. Kf1 Ng4 31. h3 Nxf2 32. Ra3 Nh1 33. Ke2 Ng3+ 34. Kd3
Ke7 35. c5 Rxb5 36. Kc4 Rb8 37. Ra7+ Kf6 38. Ra6 Bf2 39. Rd1 Nxe4 40. Rd7 Rxb4+
41. Kxb4 Nxc5 42. Raa7 Nxd7 43. Rxd7 e4 44. Kc3 Ke5 45. Rh7 Be3 46. Rf7 Bg5 47.
Kc2 Kd4 48. Kd1 e5 49. Ke2 Bf4 50. Rg7 Bg5 51. Rd7+ Kc5 52. Rd1 Kc6 53. Kf2 Bf4
54. Rd8 Kc5 55. Ke2 Bg5 56. Rd1 Bf4 57. Rd8 Bg5 58. Rd1 1/2-1/2

[Event "chess.com SpeedChess Q1KO"]
[Site "chess.com INT"]
[Date "2022.11.11"]
[Round "1.3"]
[White "Martinez Alcantara, Jose Eduardo"]
[Black "Paravyan, David"]
[Result "0-1"]
[WhiteTitle "GM"]
[BlackTitle "GM"]
[WhiteElo "2597"]
[BlackElo "2586"]
[WhiteFideId "3805662"]
[BlackFideId "4194985"]
[EventDate "2022.11.11"]

1. e4 e5 2. Nf3 Nf6 3. Nxe5 d6 4. Nf3 Nxe4 5. d3 Nf6 6. d4 g6 7. h3 Bg7 8. Bd3
O-O 9. O-O c5 10. Nc3 Nc6 11. dxc5 dxc5 12. Bf4 Nd5 13. Nxd5 Qxd5 14. c3 Be6 15.
Bc2 Rad8 16. Qxd5 Bxd5 17. Nd2 b5 18. Be3 c4 19. Rad1 Rfe8 20. a3 a5 21. Rfe1 b4
22. axb4 axb4 23. Bg5 Rxe1+ 24. Rxe1 Rc8 25. Be4 Be6 26. Rc1 bxc3 27. bxc3 Ne5
28. Rd1 Nd3 29. Nxc4 Nxf2 30. Kxf2 Bxc4 31. Bd2 Rd8 32. Bf3 Bb3 33. Rb1 Bc2 34.
Bg5 Bxb1 35. Bxd8 Bxc3 36. Bb6 Bf5 37. Ke3 Be6 38. Bd4 Ba5 39. Bf6 Bb6+ 40. Kf4
h6 41. h4 Ba5 42. g4 Be1 43. Be4 Bd2+ 44. Kf3 Kf8 45. Kg3 Ke8 46. Kf3 Kd7 47. h5
gxh5 48. gxh5 Kd6 49. Kg3 Bc1 50. Bf3 Bb3 51. Bg4 Bc4 52. Kh3 Bd5 53. Bc3 Be3
54. Kg3 Be4 55. Bf6 Kd5 56. Bg7 f5 57. Bf3 Kc4 58. Be5 Kd3 59. Bf4 Kd4 60. Bc7
Kd5 61. Bb8 Kc4 62. Bc7 Kd3 63. Bb8 Bd2 64. Bc7 Be1+ 65. Kg2 Ke3 66. Bxe4 fxe4
67. Be5 Kd3 68. Bg7 Bd2 69. Bf8 e3 70. Bxh6 e2 71. Bxd2 Kxd2 0-1

[Event "chess.com SpeedChess Q1KO"]
[Site "chess.com INT"]
[Date "2022.11.11"]
[Round "1.3"]
[White "Sarana, Alexey"]
[Black "Lazavik, Denis"]
[Result "1-0"]
[WhiteTitle "GM"]
[BlackTitle "IM"]
[WhiteElo "2668"]
[BlackElo "2529"]
[WhiteFideId "24133795"]
[BlackFideId "13515110"]
[EventDate "2022.11.11"]

1. d4 Nf6 2. c4 e6 3. Nc3 Bb4 4. Qc2 O-O 5. a3 Bxc3+ 6. Qxc3 d5 7. e3 b6 8. cxd5
Nxd5 9. Qc2 Bb7 10. e4 Ne7 11. Nf3 Nd7 12. Bd3 c5 13. Be3 Rc8 14. Qe2 cxd4 15.
Bxd4 Nc5 16. Bxc5 Rxc5 17. O-O Qc7 18. Qe3 Rc8 19. Rad1 h6 20. Rd2 Ng6 21. Rfd1
Qf4 22. Qxf4 Nxf4 23. Bb1 Kf8 24. Nd4 Ke7 25. g3 Ng6 26. f3 Rc1 27. Kf2 Rxd1 28.
Rxd1 Rd8 29. Bc2 Ne5 30. Bb3 g5 31. Ke3 Nc6 32. Nxc6+ Bxc6 33. Rc1 Rc8 34. e5
Bd7 35. Rxc8 Bxc8 36. f4 gxf4+ 37. Kxf4 f6 38. g4 Bd7 39. h4 Bc8 40. Bc2 Bd7 41.
exf6+ Kxf6 42. g5+ hxg5+ 43. hxg5+ Kg7 44. Ke5 Kf7 45. g6+ Kg7 46. Kd6 Bc8 47.
Bd3 Bb7 48. Kxe6 Bc6 49. Kd6 Bf3 50. Kc7 Bd5 51. Kb8 a5 52. Kc7 1-0

[Event "chess.com SpeedChess Q1KO"]
[Site "chess.com INT"]
[Date "2022.11.11"]
[Round "1.4"]
[White "Chigaev, Maksim"]
[Black "Le, Tuan Minh"]
[Result "0-1"]
[WhiteTitle "GM"]
[BlackTitle "IM"]
[WhiteElo "2632"]
[BlackElo "2542"]
[WhiteFideId "4108116"]
[BlackFideId "12401153"]
[EventDate "2022.11.11"]

1. Nf3 Nf6 2. c4 c6 3. e3 d5 4. Nc3 a6 5. d4 Bf5 6. Ne5 Ra7 7. Qb3 e6 8. Bd2
Nbd7 9. Nxd7 Nxd7 10. Be2 Be7 11. O-O O-O 12. Rac1 Nf6 13. h3 Bd6 14. Rfd1 h5
15. cxd5 exd5 16. Bf1 h4 17. Na4 a5 18. Nc5 Bb8 19. f4 Qe7 20. Nd3 a4 21. Qc2
Ne4 22. Re1 Re8 23. Bb4 Qf6 24. Qd1 Ra8 25. Ne5 Ng3 26. Be2 Be4 27. Bf3 Bxf3 28.
Qxf3 Qf5 29. Qg4 f6 30. Nf3 Qd3 31. Nxh4 Rxe3 32. Nf3 Ne2+ 33. Kh1 Nxc1 34. Qc8+
Kh7 35. Rxc1 Rxf3 36. Qxb7 Rxh3+ 37. gxh3 Qxh3+ 38. Kg1 Bxf4 39. Rc3 Be3+ 40.
Rxe3 Qxe3+ 41. Kg2 Qe2+ 42. Kg3 Re8 0-1

[Event "chess.com SpeedChess Q1KO"]
[Site "chess.com INT"]
[Date "2022.11.11"]
[Round "1.4"]
[White "Lazavik, Denis"]
[Black "Sarana, Alexey"]
[Result "1-0"]
[WhiteTitle "IM"]
[BlackTitle "GM"]
[WhiteElo "2529"]
[BlackElo "2668"]
[WhiteFideId "13515110"]
[BlackFideId "24133795"]
[EventDate "2022.11.11"]

1. d4 Nf6 2. c4 e6 3. Nf3 d5 4. g3 Bb4+ 5. Bd2 Be7 6. Bg2 O-O 7. O-O c6 8. Bf4
Nbd7 9. Qc2 a5 10. Rd1 Nh5 11. Bc1 b5 12. c5 g5 13. e4 Ng7 14. Nbd2 g4 15. Ne1
f5 16. exd5 exd5 17. Nd3 Bf6 18. Nf4 Kh8 19. Nf1 Re8 20. Ne3 Nf8 21. Nexd5 cxd5
22. Nxd5 Ra6 23. Bf4 Ng6 24. Bc7 Qd7 25. Bxa5 Bd8 26. Bc3 Bb7 27. Nb4 Bxg2 28.
Kxg2 Rf6 29. d5 Rf7 30. d6 Ne5 31. Bxe5 Rxe5 32. c6 Qc8 33. Rac1 f4 34. c7 fxg3
35. hxg3 Ref5 36. cxd8=Q+ Qxd8 37. Rd2 Ne6 38. Qc8 Kg7 39. Qxe6 Qg5 40. Rcd1 Qh5
41. Rh1 Qg5 42. Qe3 Qf6 43. d7 Re5 44. Qd3 Rf5 45. Rf1 1-0

[Event "chess.com SpeedChess Q1KO"]
[Site "chess.com INT"]
[Date "2022.11.11"]
[Round "1.4"]
[White "Mamedov, Rauf"]
[Black "Dubov, Daniil"]
[Result "1-0"]
[WhiteTitle "GM"]
[BlackTitle "GM"]
[WhiteElo "2646"]
[BlackElo "2708"]
[WhiteFideId "13401653"]
[BlackFideId "24126055"]
[EventDate "2022.11.11"]

1. Nf3 Nf6 2. g3 g6 3. Bg2 Bg7 4. O-O O-O 5. d3 d6 6. e4 c5 7. Nc3 Nc6 8. Re1
Bg4 9. h3 Bxf3 10. Bxf3 Rb8 11. a4 a6 12. Bg2 Nd7 13. Ne2 Nd4 14. c3 Nxe2+ 15.
Qxe2 b5 16. axb5 axb5 17. Be3 Ne5 18. f4 Nc6 19. e5 Qc7 20. d4 b4 21. Ra6 Nd8
22. Qc4 bxc3 23. bxc3 Rb2 24. Bf2 Ne6 25. Bd5 Qc8 26. exd6 cxd4 27. Qxc8 Rxc8
28. Rxe6 dxc3 29. d7 Rd8 30. Rxe7 c2 31. Rc6 Bf8 32. Rxf7 Rb1+ 33. Kg2 c1=Q 34.
Rxc1 Rxc1 35. Re7+ Kh8 36. Bd4+ Bg7 37. Bxg7# 1-0

[Event "chess.com SpeedChess Q1KO"]
[Site "chess.com INT"]
[Date "2022.11.11"]
[Round "1.4"]
[White "Paravyan, David"]
[Black "Martinez Alcantara, Jose Eduardo"]
[Result "1/2-1/2"]
[WhiteTitle "GM"]
[BlackTitle "GM"]
[WhiteElo "2586"]
[BlackElo "2597"]
[WhiteFideId "4194985"]
[BlackFideId "3805662"]
[EventDate "2022.11.11"]

1. e4 e5 2. Nf3 Nc6 3. Nc3 Nf6 4. d4 exd4 5. Nxd4 Bb4 6. Nxc6 bxc6 7. Bd3 O-O 8.
O-O Re8 9. Bg5 Qe7 10. h3 Qe5 11. f4 Qc5+ 12. Kh1 Bxc3 13. e5 Nd5 14. bxc3 Ne3
15. Qh5 g6 16. Qh4 Nxf1 17. Rxf1 d6 18. f5 Bxf5 19. Rxf5 Rxe5 20. Rxf7 Kxf7 21.
Qxh7+ Kf8 22. Bh6+ Ke8 23. Qxg6+ Kd7 24. Qf7+ Kc8 25. Ba6+ Kd8 26. Bg5+ Rxg5 27.
Qf8+ Kd7 28. Qf7+ Kd8 29. Qf8+ Kd7 30. Qf7+ Kd8 1/2-1/2

[Event "chess.com SpeedChess Q1KO"]
[Site "chess.com INT"]
[Date "2022.11.11"]
[Round "1.5"]
[White "Dubov, Daniil"]
[Black "Mamedov, Rauf"]
[Result "0-1"]
[WhiteTitle "GM"]
[BlackTitle "GM"]
[WhiteElo "2708"]
[BlackElo "2646"]
[WhiteFideId "24126055"]
[BlackFideId "13401653"]
[EventDate "2022.11.11"]

1. e4 c5 2. Nf3 d6 3. Bb5+ Bd7 4. Bxd7+ Qxd7 5. O-O Nc6 6. d4 cxd4 7. Nxd4 Nf6
8. Re1 g6 9. c4 Bg7 10. Nc3 O-O 11. h3 Rfc8 12. Nf3 Qd8 13. Bg5 h6 14. Be3 a6
15. Qd2 Kh7 16. Nd4 Qa5 17. Nc2 Ne5 18. b3 b5 19. Bd4 bxc4 20. b4 Qc7 21. Bxe5
dxe5 22. Ne3 e6 23. Qe2 Rd8 24. Rec1 Rd4 25. Nc2 Rd3 26. Ne1 Rd7 27. a4 Rad8 28.
Nf3 Rd3 29. b5 axb5 30. axb5 Qc5 31. Rab1 Nh5 32. b6 Nf4 33. Qf1 Rb8 34. Ne1 Rd2
35. g3 Rxf2 0-1

[Event "chess.com SpeedChess Q1KO"]
[Site "chess.com INT"]
[Date "2022.11.11"]
[Round "1.5"]
[White "Le, Tuan Minh"]
[Black "Chigaev, Maksim"]
[Result "1-0"]
[WhiteTitle "IM"]
[BlackTitle "GM"]
[WhiteElo "2542"]
[BlackElo "2632"]
[WhiteFideId "12401153"]
[BlackFideId "4108116"]
[EventDate "2022.11.11"]

1. d4 Nf6 2. Nf3 g6 3. Bg5 Bg7 4. Nbd2 d5 5. c3 O-O 6. e3 c5 7. Bd3 Qb6 8. Rb1
cxd4 9. exd4 Qe6+ 10. Be2 Qb6 11. Qb3 Qxb3 12. axb3 Nc6 13. Ra1 Bf5 14. b4 a6
15. O-O Nd7 16. Nb3 e5 17. dxe5 Ndxe5 18. Nxe5 Bxe5 19. Bf3 d4 20. cxd4 Nxd4 21.
Nxd4 Bxd4 22. Bxb7 Rab8 23. Bxa6 Bxb2 24. Rad1 Rfe8 25. b5 h5 26. h3 Bc3 27. Bf4
Be5 28. Be3 Be4 29. b6 Bc2 30. Rd7 Ba4 31. Ra7 Bc6 32. Bc4 Rf8 33. Bc5 1-0

[Event "chess.com SpeedChess Q1KO"]
[Site "chess.com INT"]
[Date "2022.11.11"]
[Round "1.5"]
[White "Martinez Alcantara, Jose Eduardo"]
[Black "Paravyan, David"]
[Result "1-0"]
[WhiteTitle "GM"]
[BlackTitle "GM"]
[WhiteElo "2597"]
[BlackElo "2586"]
[WhiteFideId "3805662"]
[BlackFideId "4194985"]
[EventDate "2022.11.11"]

1. e4 e5 2. Nf3 Nf6 3. Nxe5 d6 4. Nf3 Nxe4 5. Nc3 Nxc3 6. dxc3 Be7 7. Be3 O-O 8.
Qd2 Nd7 9. O-O-O c6 10. Bd3 d5 11. h4 Nf6 12. h5 Ng4 13. h6 g6 14. Bf4 Qb6 15.
Rhf1 c5 16. Ne5 Bf6 17. Rde1 c4 18. Nxg4 Bxg4 19. Be2 Be6 20. Bf3 d4 21. Be5
dxc3 22. Qxc3 Bg5+ 23. Kb1 Bf5 24. g4 Bd7 25. Be2 Rfe8 26. f4 Bh4 27. Rd1 Ba4
28. g5 Bf2 29. Bxc4 Qe3 30. Rd3 Qe4 31. b3 b5 32. Bd5 Qe2 33. Rfd1 Rac8 34. Qd2 1-0

[Event "chess.com SpeedChess Q1KO"]
[Site "chess.com INT"]
[Date "2022.11.11"]
[Round "1.5"]
[White "Sarana, Alexey"]
[Black "Lazavik, Denis"]
[Result "1-0"]
[WhiteTitle "GM"]
[BlackTitle "IM"]
[WhiteElo "2668"]
[BlackElo "2529"]
[WhiteFideId "24133795"]
[BlackFideId "13515110"]
[EventDate "2022.11.11"]

1. c4 Nf6 2. d4 e6 3. Nc3 Bb4 4. e3 O-O 5. Bd3 c5 6. Ne2 cxd4 7. exd4 d5 8. cxd5
Nxd5 9. O-O Nc6 10. a3 Bd6 11. Re1 Qh4 12. h3 Nf6 13. Be3 h6 14. f4 Nd5 15. Nxd5
exd5 16. Qd2 Bd7 17. Nc3 Ne7 18. Re2 Rfe8 19. Rf1 Nf5 20. Bxf5 Bxf5 21. Nxd5 Re6
22. Bf2 Qh5 23. Rxe6 Bxe6 24. Nc3 Qg6 25. Kh2 Re8 26. d5 Bd7 27. Bxa7 Qf5 28.
Kg1 Qg6 29. Rf3 Bf5 30. Bd4 h5 31. Qf2 f6 32. Rg3 Qf7 33. Re3 Rd8 34. Qf3 Qg6
35. Nb5 Bf8 36. Nc3 Bd6 37. b4 h4 38. Bc5 Bc7 39. Nb5 Bb8 40. d6 Kh7 41. Qxb7
Bd7 42. Nd4 Qf7 43. Qe4+ Kg8 44. Qe7 1-0